| 000 | 00826nam a2200229 a 4500 | ||
|---|---|---|---|
| 001 | 000029535 | ||
| 003 | DO-SdBNP | ||
| 005 | 20250401151834.0 | ||
| 007 | ta | ||
| 008 | 090907s1980 dr 000 0 spa d | ||
| 040 |
_aDO-SdBNP _bspa _cBNPHU |
||
| 082 | 4 |
_a398.2097293 _bP944a _222 |
|
| 100 | 1 |
_aPérez, Rafael Leonidas _925969 |
|
| 245 | 1 | 0 |
_aAlgunas de las creencias y supersticiones de un pueblo fronterizo : _bDuvergé / _cRafael Leonidas Pérez Hijo. |
| 260 |
_aSanto Domingo : _bIMPESA, _c1980. |
||
| 300 |
_a33 p. ; _c22 cm. |
||
| 590 | _aInventariado, 2018/VM | ||
| 650 | 0 |
_aFolclore _zRepública Dominicana, Duvergé (Independencia{Rpara} _933448 |
|
| 651 | 4 |
_aDuvergé (Independencia{Rpara}, República Dominicana _xVida social y costumbres _919967 |
|
| 910 | _aValidado. Control de calidad MFF | ||
| 942 |
_2ddc _cLF2 |
||
| 999 |
_c29027 _d29027 |
||